Влияние плазмоподавляющих добавок на электродинамические характеристики высокочастотного факельного разряда, горящего в воздухе; Физико-технические проблемы в науке, промышленности и медицине

書誌詳細
Parent link:Физико-технические проблемы в науке, промышленности и медицине.— 2016.— [С. 128-129]
団体著者: Национальный исследовательский Томский политехнический университет
その他の著者: Вершинин В. В., Луценко Ю. Ю. Юрий Юрьевич, Видяев Д. Г. Дмитрий Геннадьевич, Борецкий Е. А.
要約:Заглавие с экрана
言語:ロシア語
出版事項: 2016
シリーズ:Физико-химические и изотопные технологии в науке, промышленности и медицине
主題:
オンライン・アクセス:http://earchive.tpu.ru/handle/11683/31250
フォーマット: MixedMaterials 電子媒体 図書の章
KOHA link:https://koha.lib.tpu.ru/cgi-bin/koha/opac-detail.pl?biblionumber=619207

MARC

LEADER 00000naa2a2200000 4500
001 619207
005 20250506164923.0
035 |a (RuTPU)RU\TPU\conf\17611 
035 |a RU\TPU\conf\17610 
090 |a 619207 
100 |a 20160812d2016 k y0rusy50 ca 
101 0 |a rus 
102 |a RU 
105 |a y z 101zy 
135 |a drgn ---uucaa 
181 0 |a i  
182 0 |a b 
200 1 |a Влияние плазмоподавляющих добавок на электродинамические характеристики высокочастотного факельного разряда, горящего в воздухе  |f В. В. Вершинин [и др.] 
203 |a Текст  |c электронный 
225 1 |a Физико-химические и изотопные технологии в науке, промышленности и медицине 
300 |a Заглавие с экрана 
320 |a [Библиогр.: с. 129 (2 назв.)] 
463 0 |0 (RuTPU)RU\TPU\conf\17455  |t Физико-технические проблемы в науке, промышленности и медицине  |o сборник тезисов докладов VIII Международной научно-практической конференции, г. Томск, 1-3 июня 2016 г.  |f Национальный исследовательский Томский политехнический университет (ТПУ) ; под ред. О. Ю. Долматова [и др.]  |v [С. 128-129]  |d 2016 
610 1 |a труды учёных ТПУ 
610 1 |a электронный ресурс 
610 1 |a плазма 
610 1 |a добавки 
610 1 |a электродинамические характеристики 
610 1 |a высокочастотные разряды 
610 1 |a факельные разряды 
610 1 |a плазмохимические процессы 
610 1 |a электромагнитные поля 
610 1 |a затухание 
610 1 |a горение в воздухе 
701 1 |a Вершинин  |b В. В. 
701 1 |a Луценко  |b Ю. Ю.  |c физик  |c доцент Томского политехнического университета, доктор физико-математических наук  |f 1962-  |g Юрий Юрьевич  |3 (RuTPU)RU\TPU\pers\26568  |9 12257 
701 1 |a Видяев  |b Д. Г.  |c физик  |c доцент Томского политехнического университета, доктор технических наук  |f 1973-  |g Дмитрий Геннадьевич  |3 (RuTPU)RU\TPU\pers\28271  |9 13215 
701 1 |a Борецкий  |b Е. А. 
712 0 2 |a Национальный исследовательский Томский политехнический университет  |c (2009- )  |9 26305 
801 2 |a RU  |b 63413507  |c 20160826  |g RCR 
850 |a 63413507 
856 4 |u http://earchive.tpu.ru/handle/11683/31250 
942 |c BK